LEADER 00912cam2-2200325---450- 001 990004169860403321 005 20080429152730.0 010 $a0-12-785425-8 035 $a000416986 035 $aFED01000416986 035 $a(Aleph)000416986FED01 035 $a000416986 100 $a19990604d1976----km-y0itay50------ba 101 0 $aeng 102 $aUS 105 $ay-------001yy 200 1 $aJapanese generative grammar$fedited by Masayoshi Shibatani 210 $aNew York$cAcademic press$dc1976 215 $aXVII, 574 p.$d24 cm 461 0$1001000416994$12001$aSyntax and semantics$v05 610 0 $aLingua giapponese$aGrammatica 676 $a495.65 702 1$aShibatani,$bMasayoshi 801 0$aIT$bUNINA$gRICA$2UNIMARC 901 $aBK 912 $a990004169860403321 952 $a415 KIM 1(5)$fFLFBC 959 $aFLFBC 996 $aJapanese Generative Grammar$973787 997 $aUNINA LEADER 01248nam a2200289 i 4500 001 991000016989707536 005 20020506120531.0 008 990420s1997 it ||| | ita 020 $a8846700384 035 $ab10636456-39ule_inst 035 $aEXGIL137380$9ExL 040 $aBiblioteca Interfacoltà$bita 110 2 $aGroupe international de recherches sur l'esclavage dans l'antiquité$0205400 245 10$aSchiavi e dipendenti nell'ambito dell'oikos e della familia :$batti del 22. Colloquio GIREA :$bPontignano, 19-20 novembre 1995 /$ca cura di Mauro Moggi e Giuseppe Cordiano ; con un indice delle fonti di Maria Pettinato 260 $aPisa :$bETS,$c1997 300 $a463 p. ;$c22 cm. 490 0 $aStudi e testi di storia antica ;$v8 650 4$aSchiavitù$xStoria$xCongressi$y1995 700 1 $aMoggi, Mauro 700 1 $aCordiano, Giuseppe 700 1 $aPettinato, Maria 907 $a.b10636456$b23-02-17$c28-06-02 912 $a991000016989707536 945 $aLE002 Con. 516$g1$iLE002-24586N$lle002$o-$pE0.00$q-$rn$so $t0$u0$v0$w0$x0$y.i10724850$z28-06-02 996 $aSchiavi e dipendenti nell'ambito dell'"oikos" e della "familia"$9649976 997 $aUNISALENTO 998 $ale002$b01-01-99$cm$da $e-$fita$git $h0$i1